LEADER 01178nam a2200217 i 4500 001 000000057964 003 CaOOAMICUS 005 20060705000000.0 008 060705s1918 it u000 u ita u 013 $a29136 040 $aSeMil$bita 240 00$aTaurinen. Beatificationis et Canonizationis Ven. Servi Dei Josephi Cafasso Sacerdotis Saecularis Collegii Ecclesiastici Taurinensis Moderatoris.$0(OLS)http://semarc/title/21141 240 10$aSummarium ; Animadversiones ; Summarium ex Officio ; Responsio ad animadversiones.$0(OLS)http://semarc/title/90270 245 10$aPositio Super Virtutibus. 300 $a1 v. (varie sequenze). 600 14$aCafasso, Giuseppe .$0(OLS)http://semarc/subject/2590 650 4$aSanti - Canonizzazione.$0(OLS)http://semarc/subject/1571 773 0 $tTaurinen. Beatificationis et Canonizationis Ven. Servi Dei Josephi Cafasso Sacerdotis Saecularis Collegii Ecclesiastici Taurinensis Moderatoris.$dRomae : Typis Guerra et Mirri, 1918-1919.$w()15964 850 $aSeMil 852 $aSeMil$W1$xVenegono$y1$m6W II 1$j24117$B24117$CSeMilBibl$Z2$F24120 $8I 996 $6245$aPositio Super Virtutibus$9(OLS)http://semarc/title/18172 LEADER 01187nam a2200265 i 4500 001 000000107372 003 CaOOAMICUS 005 20030512000000.0 008 030512s2000 it u000 u ita u 013 $a79618 020 $a88-87164-18-5 040 $aSeMil$bita 100 1 $aVerdi Vighetti, Annamaria.$0(OLS)http://semarc/name/13140 245 10$aConversione del cuore in San Paolo :$baspetti psicologici : una nuova chiave di lettura su Paolo di Tarso /$cAnnamaria Verdi Vighetti. 260 $aRoma :$bAppunti di viaggio,$c2000. 300 $a160 p. ;$c19 cm + [1] c. di Errata Corrige. 500 $aFondo Card. C.M. Martini. 600 04$aPaolo .$0(OLS)http://semarc/subject/1316 850 $aSeMil 852 $aSeMil$W1$xVenegono$y1$m2O II 293$j63468$B63468$CSeMilBibl$Z2$F100671 $81 941 1 $a4 961 $aOmaggio: Martini Card. Carlo Maria 996 $6020$a88-87164-18-5$9(OLS)http://semarc/number/88342 996 $6245$aConversione del cuore in San Paolo :$baspetti psicologici : una nuova chiave di lettura su Paolo di Tarso$9(OLS)http://semarc/title/155823 996 $6260$aRoma :$bAppunti di viaggio$9(OLS)http://semarc/publisher/34296